00897cam a22002531a 45000010008000000030004000080050017000120080041000290100017000700350019000870400029001060420012001350820019001471000059001662450142002252600048003673000033004155040041004486500015004896510030005047000048005347000033005827000028006158469544OSt20230619120533.0741119s1965 ii c b 010 0 eng  asa 66003987  a(OCoLC)1079093 aDLCcOClUdNSyUdWUdDLC apremarc a301.29542UNNI1 aUnnithan, Thottamon Kantan Kesavan Narayanan,eeditor.10aTowards a sociology of culture in India :bessays in honor of D.P. Mukerji /cEdited by T.K.N. Unnithan, Indra Deva [and] Yogendra Singh. aNew Delhi :bPrentice-Hall of India,c1965. axii, 441 p.bport. ;c23 cm. aIncludes bibliographical references. 0aSociology. 0aIndiaxSocial conditions.1 aMukhopadhyaya, Dhurjatiprasada,d1894-1961.1 aDeva, Indra,d1932-eeditor.1 aSingh, Yogendra,d1932-